UBT Library

Associated Press broadcast news handbook / (Record no. 610)

000 -LEADER
fixed length control field 00544nam a22002057a 4500
005 - DATE AND TIME OF LATEST TRANSACTION
control field 20150330083259.0
008 - FIXED-LENGTH DATA ELEMENTS--GENERAL INFORMATION
fixed length control field 000919s2001 nyu 000 0 eng
020 ## - INTERNATIONAL STANDARD BOOK NUMBER
International Standard Book Number 0071363882
041 0# - LANGUAGE CODE
Language code of text/sound track or separate title eng
080 ## - UNIVERSAL DECIMAL CLASSIFICATION NUMBER
Universal Decimal Classification number 070.48
100 1# - Rafti
Rafti Kalbfeld, Brad,
245 10 - TITLE STATEMENT
Title Associated Press broadcast news handbook /
Statement of responsibility, etc Brad Kalbfeld.
246 30 - VARYING FORM OF TITLE
Title proper/short title Broadcast news handbook
260 ## -
-- New York :
-- McGraw-Hill,
-- 2001.
300 ## -
-- 476 f. ;
-- 24 cm.
650 #0 -
-- Gazetaria
650 #0 -
-- Media
830 #0 -
-- Associated Press series.
942 ## - ADDED ENTRY ELEMENTS (KOHA)
Source of classification or shelving scheme
Item type Books
Holdings
Withdrawn status Lost status Source of classification or shelving scheme Damaged status Not for loan Collection code Permanent location Current location Shelving location Date acquired Total Checkouts Full call number Barcode Date last seen Koha item type Price effective from
          Koleksioni i përgjithshem UBT - Lipjan UBT - Lipjan Koleksioni i përgjithshem 03/30/2015   070.48 KAL 002-008628 03/30/2015 Books  
          Koleksioni i përgjithshem UBT - Lipjan UBT - Lipjan Koleksioni i përgjithshem 05/23/2016   070.48 KAL 002-028481 05/23/2016 Books 05/23/2016
          Koleksioni i përgjithshem UBT - Lipjan UBT - Lipjan Koleksioni i përgjithshem 05/23/2016   070.48 KAL 002-028482 05/23/2016 Books 05/23/2016
UBT Library © 2015-2024. All rights reserved University Education for Business and Technology